Statistics for X-Men Quizzes 10: Mimic

Click here to take the quiz!

General Stats

  • This quiz has been taken 9 times
  • The average score is 5 of 12

Answer Stats

HintAnswer% Correct
He was the first X-Man who was not a…Mutant
100%
He permanently possesses the powers of…Beast / Hank McCoy
78%
He permanently possesses the powers of…Cyclops / Scott Summers
78%
He permanently possesses the powers of…Phoenix / Marvel Girl / Jean Grey
78%
He permanently possesses the powers of…Angel / Warren Worthington III
67%
He permanently possesses the powers of…Iceman / Bobby Drake
67%
He permanently possesses the powers of…Professor X / Charles Xavier
67%
What is his real name?Calvin Rankin
0%
Mimic fought against who and fell into a coma?Hulk / Bruce Banner
0%
What is his middle name?Montgomery
0%
What US state was he born in?New Jersey
0%
What was his father’s first name?Ronald
0%

Score Distribution

Percentile by Number Answered

Percent of People with Each Score

Your Score History

You have not taken this quiz